| 000 | 00664nam a22001815i 4500 | ||
|---|---|---|---|
| 001 | 163665 | ||
| 003 | ES-MaACL | ||
| 005 | 20230906212802.0 | ||
| 008 | 991122s1896 sp |||| | spa d | ||
| 040 |
_aCCPB | B _bspa _cCCPB | B |
||
| 100 | 1 |
_aRoca, Lorenzo. _9131905 |
|
| 245 | 1 | 0 |
_aProvincia de Guipúzcoa _b: memoria de valoraciones para el año de 1893 / _credactada por Lorenzo Roca. |
| 260 |
_aMadrid : _b[s.n.], _c1896 ( _fImp., fund. y fáb. de tintas de los hijos de J.A. García) |
||
| 300 |
_a282 p. ; _c25 cm. |
||
| 651 | 4 |
_aGuipúzcoa- _y1893- _vMemorias y balances. _9137210 |
|
| 752 |
_aEspaña - _dMadrid |
||
| 852 |
_aES-MaACL _jF-6474 _z-- Rust. |
||
| 999 |
_c163665 _d163665 |
||